000 00736nam a2200205 4500
003 OSt
005 20240722124723.0
008 240716b |||||||| |||| 00| 0 eng d
040 _aNUST
_beng
_cNUST
_dNUST
_erda
050 _aTH145 MOD
100 _d1948
_eEditor
_qRichard Greenhalgh
245 _aModern Building Construction:
_ba comprehencive practical and authoritative guide for all engaged in the building industry Vol.1`/
260 _aLondon:
_bSir Isaac Pitman and Sons, LTD,
_c1948.
300 _aviii,561-1120 pages;
_billustrations
_c27 cm
336 _2rdamedia
_atext
_btxt
337 _2rdamedia
_aunmediated
_bn
338 _2rdamedia
_avolume
_bnc
650 _vBuilding
942 _2lcc
_n0
_cBOOKS
_hTH145
_kTH
_mGRE
999 _c170840
_d170840